Masterplots II. African American literature series /

Bibliographic Details
Other Authors: Magill, Frank N. (Frank Northen), 1907-1997
Format: Book
Language:English
Published: Pasadena, Calif. : Salem Press, [1994]
Subjects:

MARC

Tag First Indicator Second Indicator Subfields
LEADER 00000cam a2200000 a 4500
001 in00001405020
005 20151020064120.0
008 931012s1994 cau b 001 0 eng
010 |a  93033876  
020 |a 0893565946 (set : alk. paper) 
020 |a 0893565954 (v. 1 : alk. paper) 
020 |a 0893565962 (v. 2 : alk. paper) 
020 |a 0893565970 (v. 3 : alk. paper) 
035 |a (OCoLC)29258743 
035 |9 AHP4539AM 
040 |a DLC  |c DLC  |d TXA  |d UtOrBLW 
049 |a TXAM 
050 0 0 |a PS153.N5  |b M2645 1994 
082 0 0 |a 810.9/896073  |2 20 
245 0 0 |a Masterplots II.  |p African American literature series /  |c edited by Frank N. Magill. 
264 1 |a Pasadena, Calif. :  |b Salem Press,  |c [1994] 
264 4 |c ©1994 
300 |a 3 volumes (xiii, 1530, xvi) ;  |c 24 cm. 
336 |a text  |b txt  |2 rdacontent 
337 |a unmediated  |b n  |2 rdamedia 
338 |a volume  |b nc  |2 rdacarrier 
504 |a Includes bibliographical references and indexes. 
505 0 |a 1. A-Gu -- 2. He-Po -- 3. Po-Z. 
650 0 |a American literature  |x African American authors  |v Stories, plots, etc. 
650 0 |a African Americans in literature. 
700 1 |a Magill, Frank N.  |q (Frank Northen),  |d 1907-1997. 
740 0 |a Masterplots 2. 
740 0 |a Masterplots two. 
948 |a c:blr 
999 |a MARS 
999 f f |s 79e532a7-93df-3f64-9224-ae0fe9b6ccfa  |i 2f85ebbe-c9dc-3b95-a9dd-46e138cacfe6  |t 0 
952 f f |p ric  |a Texas A&M University  |b Rellis Campus  |c Joint Library Facility  |d Remote Storage  |t 0  |e PS153.N5 M2645 1994  |h Library of Congress classification  |i unmediated -- volume  |k 3  |m A14843018194 
952 f f |p ric  |a Texas A&M University  |b Rellis Campus  |c Joint Library Facility  |d Remote Storage  |t 0  |e PS153.N5 M2645 1994  |h Library of Congress classification  |i unmediated -- volume  |k 1  |m A14823368929 
952 f f |p ric  |a Texas A&M University  |b Rellis Campus  |c Joint Library Facility  |d Remote Storage  |t 0  |e PS153.N5 M2645 1994  |h Library of Congress classification  |i unmediated -- volume  |k 2  |m A14823368911 
998 f f |a PS153.N5 M2645 1994  |s 1-3  |t 0  |l Remote Storage